Évolution des individus agés sur le marché du travail aux États-Unis. Un modele a risques concurrents.

Štúdia vývoja pohybu obyvateľstva v dôchodkovom veku na trhu práce v USA. Systém sociálneho zabezpečenia v USA. Analýza jeho vplyvu na rozhodovanie o odchode do dôchodku. Rôzne definície dôchodkového veku. Analýza dĺžky produktívneho veku. Možnosti jeho predlžovania a spätná ekonomická väzba. Proble...

Full description

Saved in:
Bibliographic Details
Main Author: Cazals, C.
Format: Book Chapter
Language:French
Subjects:
Tags: Add Tag
No Tags, Be the first to tag this record!

MARC

LEADER 00000naa a2200000 4500
001 r010810
005 20220913125311.5
041 0 |a fre 
044 |a FR 
245 1 0 |a Évolution des individus agés sur le marché du travail aux États-Unis. Un modele a risques concurrents.  |c C. Cazals 
520 |a Štúdia vývoja pohybu obyvateľstva v dôchodkovom veku na trhu práce v USA. Systém sociálneho zabezpečenia v USA. Analýza jeho vplyvu na rozhodovanie o odchode do dôchodku. Rôzne definície dôchodkového veku. Analýza dĺžky produktívneho veku. Možnosti jeho predlžovania a spätná ekonomická väzba. Problematika pracovnej konkurencie. 
610 2 0 |a trh práce 
610 2 0 |a USA 
610 2 0 |a zabezpečenie sociálne 
610 2 0 |a dôchodky starobné 
610 2 0 |a konkurencia 
610 2 0 |a metódy ekonomicko-matematické 
610 2 0 |a dôchodcovia 
610 2 0 |a zabezpečenie dôchodkové 
100 1 |a Cazals, C.